000 01285nam a22002057a 4500
999 _c59996
_d59996
003 Ge_BSU
005 20230529161531.0
008 230529s1978 ge ||||| |||| 00| 0 geo d
041 _ageo
080 _a711.424(479.22)(084.12) ლ-28
100 _aლეჟავა, გ.
_93023
245 _aანტიკური ხანის საქართველოს არქიტექტურული ძეგლები :
_b[ალბომი] /
_cგ. ლეჟავა; რედ. ო ლორთქიფანიძე; საქართველოს არქეოლოგიური კომისია. ივ. ჯავახიშვილის სახ. ისტორიის, არქეოლოგიისა და ეთნოგრაფიის ინ-ტი.
264 _aთბილისი:
_bმეცნიერება,
_c1978.
300 _a34 გვ. :
_b61 ფ. ილ. ;
_c25 სმ.
501 _aპარალ. ტექსტი რუს.
653 _aსაქართველოს არქიტექტურული ძეგლები
653 _aფოტოალბომები
700 _aლორთქიფანიძე, ო
_eრედაქტორი
_917578
942 _2udc
_cBK